00815nam a2200181 a 450000100100000000500170001000800410002704000250006808200150009310000380010824500780014626000610022430000200028504900090030595201830031495201190049799900170061600002184420200930011454.0100913s1950 dr 000 0 spa d aDO-SdBNPbspacBNPHU axxxbT866e1 aTrujillo Molina, Rafael L.93056013aThe evolution of democracy en Santo Domingo /cRafael L. Trujillo Molina. aCiudad Trujillo, República Dominicana :b[s.n],c1950. a55 p. ;c24 cm. aBNPD 001050718RVaPDbPDcHDd2010-09-13iLF1l0oxxx T866ep21844-10r2020-06-25w2020-06-25y1zPerteneció a la biblioteca personal de Carlos Larrazábal Blanco.ZNo se presta 001050718RVaPDbPDcCTd2011-07-01iLF1l0oxxx T866ep21844-20r2020-06-25te. 2w2020-06-25y1ZNo se presta c21342d21342